000 00688nam a2200241Ia 4500
003 OSt
005 20220923212348.0
006 a|||||r|||| 00| 0
007 ta
008 220922b |||||||| |||| 00| 0 hin d
024 _a152,368
037 _cTextual
040 _aARTS
_cARTS
_bhin
041 _2hin
_ahin
082 _aO115,3M59,1, 152J8
100 _aहैमसन, न्यूट
_9156290
245 0 _aभूख
246 _aBhūkha
260 _aइलाहाबाद
_b किताब महल
_c1958
300 _a202 पृ.
_ccm.
942 _hO115,3M59,1, 152J8
_cTEXL
_2CC
999 _c308017
_d308017